| 000 | 00494nam a2200181Ia 4500 | ||
|---|---|---|---|
| 001 | 13765 | ||
| 005 | 20260306164825.0 | ||
| 008 | 260306t2001||||xx |||||||||||||| ||spa|| | ||
| 041 | _aESP | ||
| 082 |
_a005.133J _bA75 |
||
| 100 |
_aArnow, David _eAUT |
||
| 245 | 0 |
_aIntroducción a la programación con java TM: _bun enfoque orientado a objetos actualizado a Java TM 2 |
|
| 260 | _c2001 | ||
| 300 |
_a794 páginas : _c25 cm. |
||
| 650 | _aGEN | ||
| 654 | _aCCC | ||
| 942 |
_cLIB _dJUS _fJUS _2ddc _n |
||
| 999 |
_c13765 _d13765 |
||